<?xml version="1.0" encoding="UTF-8"?>
<record
    xmlns:xsi="http://www.w3.org/2001/XMLSchema-instance"
    xsi:schemaLocation="http://www.loc.gov/MARC21/slim http://www.loc.gov/standards/marcxml/schema/MARC21slim.xsd"
    xmlns="http://www.loc.gov/MARC21/slim">

  <leader>00273nam a2200109   4500</leader>
  <datafield tag="082" ind1="0" ind2=" ">
    <subfield code="a">222.11</subfield>
  </datafield>
  <datafield tag="242" ind1="0" ind2="0">
    <subfield code="b">The story of Jacob and Esau</subfield>
  </datafield>
  <datafield tag="245" ind1="1" ind2="1">
    <subfield code="a">&#x1ECC;'d&#x1ECD;&#x303; y&#xE3;k&#xF3;b&#xF5; pi dr&#xED; esawu tr&#xF5; </subfield>
  </datafield>
  <datafield tag="260" ind1=" " ind2=" ">
    <subfield code="b">Madi Literacy Committee</subfield>
    <subfield code="c">c.1998</subfield>
  </datafield>
  <datafield tag="300" ind1=" " ind2=" ">
    <subfield code="a">19 p.</subfield>
  </datafield>
  <datafield tag="942" ind1=" " ind2=" ">
    <subfield code="2">ddc</subfield>
    <subfield code="c">BK</subfield>
  </datafield>
  <datafield tag="999" ind1=" " ind2=" ">
    <subfield code="c">64522</subfield>
    <subfield code="d">64496</subfield>
  </datafield>
</record>
